000 00619nam a2200205Ia 4500
005 20250508165343.0
008 008 250505s9999 xx 000 0 eng d
020 _a978-81-7829-901-3
037 _aTextual
040 _aFEDL
_beng
_cFEDL
041 _aeng
_2eng
084 _a306.4, THA
_qFEDL
100 _aThapan Meenakshi
245 0 _aLiving the body: Embodiment, womanhood and identity in contemporary India
260 _aNew Delhi, India
_bSage Publications India Pvt. Ltd.
_c2009
300 _axxi, 190p.
365 _aINR
_b695
942 _cTEXL
_h306.4, THA
999 _c1394630
_d1394630